Culture and the making of identity in contemporary India (Record no. 4385)

MARC details
000 -LEADER
fixed length control field 00596nam a2200205Ia 4500
020 ## - INTERNATIONAL STANDARD BOOK NUMBER
ISBN 0-7619-3381-6
082 ## - DEWEY DECIMAL CLASSIFICATION NUMBER
Classification number 306.0954 CUL-
245 #0 - TITLE STATEMENT
Title Culture and the making of identity in contemporary India
260 ## - PUBLICATION, DISTRIBUTION, ETC. (IMPRINT)
Place of publication New Delhi
Name of publisher Sage Publications
Year of publication 2005
300 ## - PHYSICAL DESCRIPTION
Number of Pages 274
440 ## - SERIES STATEMENT/ADDED ENTRY--TITLE
Title The Asiatic Society of Mumbai bicentenary volume
504 ## - BIBLIOGRAPHY, ETC. NOTE
Bibliography, etc includes index
650 ## - SUBJECT ADDED ENTRY--TOPICAL TERM
Topical Term India
Form subdivision Civilization
Geographic subdivision 1947
650 ## - SUBJECT ADDED ENTRY--TOPICAL TERM
Topical Term Feminism
Geographic subdivision India
650 ## - SUBJECT ADDED ENTRY--TOPICAL TERM
Topical Term India
Form subdivision Historiography
650 ## - SUBJECT ADDED ENTRY--TOPICAL TERM
Topical Term Science
Form subdivision Study and teaching
Geographic subdivision India
700 ## - ADDED ENTRY--PERSONAL NAME
Personal name Thakkar, Usha
700 ## - ADDED ENTRY--PERSONAL NAME
Personal name Ganesh, Kamala
942 ## - ADDED ENTRY ELEMENTS (KOHA)
Koha item type Books
Holdings
Withdrawn status Lost status Damaged status Not for loan Home library Current library Date acquired Source of acquisition Bill Date Full call number Accession Number Price effective from Koha item type
        NASSDOC Library NASSDOC Library 28/10/2005 MB 2005-09-27 306.0954 CUL- 41061 18/04/2019 Books